ბათუმის შოთა რუსთაველის სახელმწიფო უნივერსიტეტის ბიბლიოთეკა

XIV საუკუნის აღმოსავლურქართული ემისიები / (ბიბ.ჩანაწერი № 60019)

000 -ლიდერი
ფიქსირებული სიგრძის საკონტროლო ველი 01384nam a22002417a 4500
003 - საკონტროლო ნომრის იდენტიფიკატორი
საკონტროლო ველი Ge_BSU
005 - ბოლო ოპერაციის თარიღი და დრო
საკონტროლო ველი 20230530172837.0
008 - ფიქსირებული სიგრძის მონაცემთა ელემენტები - ზოგადი ინფორმაცია
ფიქსირებული სიგრძის საკონტროლო ველი 230530s2010 ge ||||| |||| 00| 0 geo d
020 ## - წიგნის საერთაშორისო სტანდარტული ნომერი
International Standard Book Number 9789941102950
041 ## - ენის კოდი
Language code of text/sound track or separate title geo
080 ## - უნივერსალური ათობითი კლასიფიკაციის ინდექსი
Universal Decimal Classification number 737(479.22) დ-91
100 ## - მთავარი ჩანაწერი - პიროვნების სახელი
Personal name დუნდუა, გიორგი
9 (RLIN) 18035
245 ## - ცნობა სათაურის შესახებ
Title XIV საუკუნის აღმოსავლურქართული ემისიები /
Statement of responsibility, etc გიორგი დუნდუა, თედო დუნდუა; [ივ. ჯავახიშვილის სახ. თსუ, საქ. ისტორიის ინ-ტი, ოთ. ლორთქიფანიძის არქეოლ. ცენტრი].
264 ## - წარმოების, გამოცემის, დისტრიბუციის და სხვა ცნობები
გამოცემის, წარმოების, დისტრიბუციის... ადგილი თბილისი :
გამოცემის, წარმოების, დისტრიბუციის... სახელწოდება მერიდიანი,
გამოცემის, წარმოების, დისტრიბუციის... თარიღი 2010.
300 ## - ფიზიკური აღწერა
Extent 60 გვ. :
Other physical details ტაბ. ;
Dimensions 20 სმ.
501 ## - შენიშვნა თანმხლებ მასალაზე
With note ტაბულები: გვ. 52-54.
520 ## - SUMMARY, ETC.
Summary, etc რეზ. ინგლ.
653 ## - INDEX TERM--UNCONTROLLED
Uncontrolled term საქართველოს ნუმიზმატიკა
653 ## - INDEX TERM--UNCONTROLLED
Uncontrolled term საზღვარგარეთული ნუმიზმატიკა.
700 ## - ADDED ENTRY--PERSONAL NAME
Personal name დუნდუა, თედო
Relator term ავტორი
9 (RLIN) 3483
710 ## - ADDED ENTRY--CORPORATE NAME
Corporate name or jurisdiction name as entry element თსუ.
Subordinate unit საქ. ისტ. ინ-ტის ოთ. ლორთქიფანიძის არქეოლ. ცენტრი.
9 (RLIN) 18325
942 ## - ADDED ENTRY ELEMENTS (KOHA)
Source of classification or shelving scheme
Koha item type წიგნი
ეგზემპლარები
ჩამოწერის სტატუსი დაკარგული ეგზემპლარის სტატუსი კლასიფიკაციის წყარო ან თაროზე გაწყობის სქემა დაზიანების სტატუსი არ გაიცემა მუდმივი მდებარეობა (დაცვის ადგილი) ამჟამინდელი ადგილსამყოფელი თაროზე განთავსების ადგილი შეძენის თარიღი ღირებულება, შესყიდვის ნორმალური ფასი სრული შენახვის შიფრი შტრიხკოდი ბოლო ოპერაციის თარიღი ეგზემპლარის მიმდევრობითი ნომერი (კეტერი?) Uniform Resource Identifier ფასის ძალაში შესვლის თარიღი ეგზემპლარის სახეობა საჯარო შენიშვნა
          ბათუმის შოთა რუსთაველის სახელმწიფო უნივერსიტეტის მთავარი ბიბლიოთეკა ბათუმის შოთა რუსთაველის სახელმწიფო უნივერსიტეტის მთავარი ბიბლიოთეკა წიგნსაცავი 2023-05-30 5.00 737(479.22) დ-91 64455 2023-05-30 64455 ბსუ-ს საპატიო დოქტორის გურამ ლორთქიფანიძის საჩუქარი 2023-05-30 წიგნი 5 ლ.